| 000 | 00706nam a2200253Ia 4500 | ||
|---|---|---|---|
| 003 | OSt | ||
| 005 | 20220918214417.0 | ||
| 006 | a|||||r|||| 00| 0 | ||
| 007 | ta | ||
| 008 | 220917b |||||||| |||| 00| 0 eng d | ||
| 024 | _a137,340 | ||
| 037 | _cTextual | ||
| 040 |
_aARTS _cARTS _beng |
||
| 041 |
_2eng _aeng |
||
| 082 | _aXM2, M7 | ||
| 100 |
_aRubel Maximilien ed _9131222 |
||
| 245 | 0 | _aNon market socialism in the nineteeth and twentieth centuries | |
| 260 |
_aLondon _bMacmillan _c1987 |
||
| 300 |
_axi,187p. _ccm. |
||
| 650 | _aECONOMICS | ||
| 700 |
_a Crump John ed _9131223 |
||
| 942 |
_hXM2, M7 _cTEXL _2CC |
||
| 999 |
_c260422 _d260422 |
||